[Event "Roncana op-A 8th"]
[Site "Santa Eulalia de Roncana"]
[Date "2014.12.06"]
[Round "8"]
[White "Company Codina, Abel"]
[Black "Vendrell Roncero, Carlos"]
[Result "1/2-1/2"]
[WhiteElo "1945"]
[BlackElo "1880"]
[PlyCount "39"]
[EventDate "2014.10.11"]
[EventType "swiss"]
[EventRounds "8"]
[EventCountry "ESP"]
[SourceTitle "EXT 2016"]
[Source "ChessBase"]
[SourceDate "2015.10.08"]
[SourceVersion "1"]
[SourceVersionDate "2015.10.08"]
[SourceQuality "1"]

1. Nf3 d5 2. g3 Nf6 3. Bg2 e6 4. 0-0 Be7 5. d3 c5 6. Nbd2 Nc6 7. e4 dxe4 8. dxe4 0-0 9. Re1 b6 10. e5 Nd5 11. h4 Bb7 12. Nh2 b5 13. c3 c4 14. Qg4 g6 15. h5 Bg5 16. Ndf3 Bxc1 17. Raxc1 Kg7 18. hxg6 hxg6 19. Nh4 Nce7 20. Be4 1/2-1/2

[Event "Roncana op-A 8th"]
[Site "Santa Eulalia de Roncana"]
[Date "2014.11.29"]
[Round "7"]
[White "Vendrell Roncero, Carlos"]
[Black "Sanchez Viana, Jordi"]
[Result "1/2-1/2"]
[WhiteElo "1880"]
[BlackElo "1907"]
[PlyCount "22"]
[EventDate "2014.10.11"]
[EventType "swiss"]
[EventRounds "8"]
[EventCountry "ESP"]
[SourceTitle "CBM 163 Extra"]
[Source "ChessBase"]
[SourceDate "2014.12.23"]
[SourceVersion "1"]
[SourceVersionDate "2014.12.23"]
[SourceQuality "1"]

1. d4 d5 2. Nf3 Nf6 3. e3 e6 4. b3 Bd6 5. Bb2 0-0 6. Bd3 Nbd7 7. 0-0 c5 8. Ne5 Qc7 9. f4 Ne4 10. Nd2 f5 11. Ndf3 Ndf6 1/2-1/2

[Event "Roncana op-A 8th"]
[Site "Santa Eulalia de Roncana"]
[Date "2014.11.22"]
[Round "6"]
[White "Barea Serra, Josep"]
[Black "Vendrell Roncero, Carlos"]
[Result "1/2-1/2"]
[WhiteElo "1904"]
[BlackElo "1880"]
[PlyCount "63"]
[EventDate "2014.10.11"]
[EventType "swiss"]
[EventRounds "8"]
[EventCountry "ESP"]
[SourceTitle "CBM 163 Extra"]
[Source "ChessBase"]
[SourceDate "2014.12.23"]
[SourceVersion "1"]
[SourceVersionDate "2014.12.23"]
[SourceQuality "1"]

1. Nf3 Nc6 2. d4 d5 3. c4 e6 4. Nc3 Nf6 5. Bg5 Be7 6. e3 h6 7. Bh4 g5 8. Bg3 Nh5 9. Ne5 Nxg3 10. Nxc6 bxc6 11. hxg3 Bd7 12. c5 e5 13. Be2 exd4 14. exd4 Bf6 15. 0-0 0-0 16. Qd3 Qc8 17. Rae1 Bf5 18. Qd2 Re8 19. Nd1 Re4 20. Ne3 Rxd4 21. Qc1 Bd3 22. Bxd3 Rxd3 23. Qc2 Rd4 24. Nf5 Rc4 25. Nxh6+ Kg7 26. Nf5+ Kf8 27. Qb1 Rxc5 28. Rc1 Rxc1 29. Rxc1 Qd7 30. Qc2 Re8 31. g4 Re6 32. Qc5+ 1/2-1/2

[Event "Llinars del Valles op-B 8th"]
[Site "Llinars del Valles"]
[Date "2014.06.21"]
[Round "8"]
[White "Vendrell Roncero, Carlos"]
[Black "Puig Vila, Esteve"]
[Result "1-0"]
[WhiteElo "1827"]
[BlackElo "1757"]
[PlyCount "74"]
[EventDate "2014.04.26"]
[EventType "swiss"]
[EventRounds "8"]
[EventCountry "ESP"]
[SourceTitle "EXT 2018"]
[Source "ChessBase"]
[SourceDate "2017.10.13"]
[SourceVersion "1"]
[SourceVersionDate "2017.10.13"]
[SourceQuality "1"]

1. d4 d5 2. Nf3 Nf6 3. e3 Nc6 4. c4 e6 5. Nc3 Bb4 6. a3 Bxc3+ 7. bxc3 0-0 8. Bd3 Bd7 9. Qc2 h6 10. 0-0 Re8 11. cxd5 exd5 12. h3 Qc8 13. Kh2 Ne4 14. Nd2 f5 15. Nxe4 fxe4 16. Be2 Rf8 17. f3 Bf5 18. f4 Ne7 19. g4 Bd7 20. Bd2 c5 21. Rac1 Qc7 22. c4 cxd4 23. exd4 Rac8 24. Qb3 Bc6 25. c5 Ng6 26. Qg3 Qe7 27. f5 Nh8 28. Rf4 Rce8 29. Be3 Rf7 30. Rcf1 Ref8 31. h4 Qc7 32. Bd2 Bd7 33. Bb4 Bc6 34. g5 a5 35. Bd2 a4 36. gxh6 Rf6 37. hxg7 Nf7 1-0

[Event "Llinars del Valles op-B 8th"]
[Site "Llinars del Valles"]
[Date "2014.06.07"]
[Round "6"]
[White "Vendrell Roncero, Carlos"]
[Black "Granados Aguilera, Cristian"]
[Result "0-1"]
[WhiteElo "1827"]
[BlackElo "1987"]
[PlyCount "76"]
[EventDate "2014.04.26"]
[EventType "swiss"]
[EventRounds "8"]
[EventCountry "ESP"]
[SourceTitle "EXT 2015"]
[Source "ChessBase"]
[SourceDate "2014.11.20"]
[SourceVersion "1"]
[SourceVersionDate "2014.11.20"]
[SourceQuality "1"]

1. d4 Nf6 2. c4 e6 3. Nc3 b6 4. e4 Bb4 5. Bd3 Bb7 6. f3 c5 7. d5 exd5 8. exd5 0-0 9. Nge2 d6 10. 0-0 Nbd7 11. Bg5 Bxc3 12. bxc3 Ne5 13. f4 Neg4 14. Rf3 Re8 15. h3 h6 16. Bh4 Ne3 17. Qd2 Qe7 18. Bxf6 gxf6 19. Qe1 f5 20. Ng3 Nxd5 21. Qf2 Nxc3 22. Nxf5 Qf6 23. Rg3+ Kh8 24. Rf1 Ne4 25. Bxe4 Bxe4 26. Ne3 Rg8 27. Nd5 Bxd5 28. cxd5 Rxg3 29. Qxg3 Qd4+ 30. Rf2 Qxd5 31. Qc3+ Kh7 32. Rd2 Qe6 33. Qf3 Qe1+ 34. Kh2 Qxd2 35. Qxa8 Qxf4+ 36. Kg1 c4 37. Qd5 Qe3+ 38. Kh1 Qe1+ 0-1

[Event "Roncana op-B 7th"]
[Site "Santa Eulalia de Roncana"]
[Date "2013.11.30"]
[Round "8"]
[White "Vendrell Roncero, Carlos"]
[Black "Nateras Jimenez, Alfonso"]
[Result "1-0"]
[WhiteElo "1508"]
[BlackElo "1750"]
[PlyCount "69"]
[EventDate "2013.10.05"]
[EventType "swiss"]
[EventRounds "8"]
[EventCountry "ESP"]
[SourceTitle "EXT 2015"]
[Source "ChessBase"]
[SourceDate "2014.11.20"]
[SourceVersion "1"]
[SourceVersionDate "2014.11.20"]
[SourceQuality "1"]

1. d4 d5 2. Nf3 Nc6 3. e3 a6 4. c4 Nf6 5. Bd3 Bg4 6. Bd2 e5 7. cxd5 Qxd5 8. Nc3 Qd8 9. h3 exd4 10. hxg4 dxc3 11. Bxc3 Nxg4 12. Qc2 h6 13. 0-0-0 Qe7 14. Rd2 0-0-0 15. Bf5+ Kb8 16. Bxg4 Rxd2 17. Qxd2 Qc5 18. Rd1 Bd6 19. Nd4 Ne5 20. Be2 Rd8 21. Kb1 Qb6 22. Qc2 Nd7 23. Nf5 Bf8 24. Bxg7 Bxg7 25. Nxg7 Qf6 26. Nf5 Qg5 27. Bf3 Ne5 28. Rxd8+ Qxd8 29. Be2 Qg5 30. f4 Qxg2 31. fxe5 Qh1+ 32. Qd1 Qe4+ 33. Qd3 Qxe5 34. Qd8+ Ka7 35. Qd4+ 1-0

[Event "Roncana op-B 7th"]
[Site "Santa Eulalia de Roncana"]
[Date "2013.11.09"]
[Round "5"]
[White "Alexandry Alexandru, Stefan"]
[Black "Vendrell Roncero, Carlos"]
[Result "1/2-1/2"]
[WhiteElo "1559"]
[BlackElo "1508"]
[PlyCount "125"]
[EventDate "2013.10.05"]
[EventType "swiss"]
[EventRounds "8"]
[EventCountry "ESP"]
[SourceTitle "EXT 2015"]
[Source "ChessBase"]
[SourceDate "2014.11.20"]
[SourceVersion "1"]
[SourceVersionDate "2014.11.20"]
[SourceQuality "1"]

1. e4 e6 2. Nf3 Nc6 3. Nc3 e5 4. h3 d6 5. d4 exd4 6. Nxd4 Bd7 7. a3 Nf6 8. Bf4 Be7 9. Be2 Nxd4 10. Qxd4 0-0 11. 0-0 Re8 12. Rfe1 Be6 13. Rad1 Qc8 14. e5 dxe5 15. Qxe5 Bd6 16. Qd4 Bxf4 17. Qxf4 c6 18. Bf3 Rd8 19. Qb4 Qc7 20. Qc5 a6 21. b4 Rd7 22. Rxd7 Qxd7 23. Rd1 Qc7 24. Qd6 Qxd6 25. Rxd6 Kf8 26. Na4 Ke7 27. Rd2 Rd8 28. Rxd8 Kxd8 29. Nc5 Bc8 30. c4 Kc7 31. Ne4 Nxe4 32. Bxe4 h6 33. c5 Be6 34. g4 Bd5 35. Bd3 Kd7 36. Kh2 Ke6 37. Kg3 Kf6 38. f4 Ke7 39. h4 Kf6 40. g5+ hxg5 41. fxg5+ Ke7 42. Kf4 g6 43. Ke5 Be6 44. Be4 Bg4 45. Bg2 Be6 46. Bf3 Bh3 47. h5 gxh5 48. Bxh5 Bc8 49. Bf3 Bd7 50. Be4 Be6 51. Bf5 Bxf5 52. Kxf5 Kd7 53. Kf6 Ke8 54. g6 fxg6 55. Kxg6 Ke7 56. Kf5 Kd7 57. a4 Ke7 58. Ke5 Ke8 59. Ke6 Kd8 60. Kd6 Kc8 61. Ke7 Kc7 62. Ke8 Kc8 63. Ke7 1/2-1/2

[Event "Llinars del Valles op-B 7th"]
[Site "Llinars del Valles"]
[Date "2013.05.25"]
[Round "6"]
[White "Estape Jorba, Miquel"]
[Black "Vendrell Roncero, Carlos"]
[Result "0-1"]
[WhiteElo "1653"]
[BlackElo "1470"]
[PlyCount "113"]
[EventDate "2013.04.13"]
[EventType "swiss"]
[EventRounds "7"]
[EventCountry "ESP"]
[SourceTitle "CBM 154 Extra"]
[Source "ChessBase"]
[SourceDate "2013.06.25"]
[SourceVersion "2"]
[SourceVersionDate "2013.06.25"]
[SourceQuality "1"]

1. Nf3 Nf6 2. g3 e6 3. Bg2 c5 4. c4 Nc6 5. Nc3 d5 6. cxd5 exd5 7. d4 cxd4 8. Nxd4 h6 9. 0-0 Be7 10. Nxc6 bxc6 11. Qa4 0-0 12. Qxc6 Bd7 13. Qa6 Be6 14. a3 Qd7 15. Bf4 Bh3 16. Rfd1 Bxg2 17. Kxg2 Qf5 18. Qd3 Qe6 19. Nxd5 Nxd5 20. Qxd5 Qxe2 21. Re1 Qxb2 22. Ra2 Qf6 23. Be5 Qf5 24. Qb3 Bc5 25. Qf3 Qxf3+ 26. Kxf3 Rfe8 27. Bc3 Rxe1 28. Bxe1 Rb8 29. a4 Rb3+ 30. Ke4 Bb4 31. Bxb4 Rxb4+ 32. Kd5 a5 33. Ra3 Kh7 34. h3 Kg6 35. Ke5 f6+ 36. Kd5 Kf5 37. f3 g5 38. Kc5 Kg6 39. g4 h5 40. Kd5 h4 41. Kc5 Kf7 42. Kc6 Kg6 43. Kd5 f5 44. Ke5 f4 45. Ke6 Rb2 46. Ke7 Re2+ 47. Kf8 Re3 48. Ra2 Rxf3 49. Rd2 Kf6 50. Rd6+ Ke5 51. Rg6 Rxh3 52. Rxg5+ Ke4 53. Rxa5 f3 54. Rf5 Rh1 55. a5 h3 56. a6 Ra1 57. a7 0-1